Cairo : (Record no. 9695)
[ view plain ]
| 000 -LEADER | |
|---|---|
| fixed length control field | 01165cam a2200337 i 4500 |
| 003 - CONTROL NUMBER IDENTIFIER | |
| control field | EG-ScBUE |
| 005 - DATE AND TIME OF LATEST TRANSACTION | |
| control field | 20240318100052.0 |
| 008 - FIXED-LENGTH DATA ELEMENTS--GENERAL INFORMATION | |
| fixed length control field | 150817t1992 si a f 001 0 eng d |
| 020 ## - INTERNATIONAL STANDARD BOOK NUMBER | |
| International Standard Book Number | 9624211485 (pbk) |
| 020 ## - INTERNATIONAL STANDARD BOOK NUMBER | |
| International Standard Book Number | 9789624211481 |
| 040 ## - CATALOGING SOURCE | |
| Original cataloging agency | EG-ScBUE |
| Language of cataloging | eng |
| Description conventions | rda |
| Transcribing agency | EG-ScBUE |
| Modifying agency | EG-ScBUE |
| 082 04 - DEWEY DECIMAL CLASSIFICATION NUMBER | |
| Classification number | 916.21604 |
| Item number | CAI |
| Edition number | 22 |
| 245 00 - TITLE STATEMENT | |
| Title | Cairo : |
| Remainder of title | insight city guides / |
| Statement of responsibility, etc | edited by John Rodenbeck ; principal photographers, Richard Nowitz, Marcus Wilson-Smith ; managing editor, Andrew Eames. |
| 250 ## - EDITION STATEMENT | |
| Edition statement | First edition. |
| 264 #1 - PUBLICATION, DISTRIBUTION, ETC. (IMPRINT) | |
| Place of publication, distribution, etc | Singapore : |
| Name of publisher, distributor, etc | APA Publications, |
| Date of publication, distribution, etc | [1992] |
| 264 #4 - PUBLICATION, DISTRIBUTION, ETC. (IMPRINT) | |
| Place of publication, distribution, etc | c1992 |
| 300 ## - PHYSICAL DESCRIPTION | |
| Extent | 292 pages : |
| Other physical details | illustrations (chiefly color) ; |
| Dimensions | 23 cm |
| 336 ## - CONTENT TYPE | |
| Source | rdacontent |
| Content type term | text |
| Content type code | txt |
| 337 ## - MEDIA TYPE | |
| Source | rdamedia |
| Media type term | unmediated |
| Media type code | n |
| 338 ## - CARRIER TYPE | |
| Source | rdacarrier |
| Carrier type term | volume |
| Carrier type code | nc |
| 500 ## - GENERAL NOTE | |
| General note | Includes index. |
| 590 ## - LOCAL NOTE (RLIN) | |
| Local note | doaa mohamed |
| 650 #7 - SUBJECT ADDED ENTRY--TOPICAL TERM | |
| Topical term or geographic name as entry element | Travel |
| Geographic subdivision | Egypt |
| -- | Cairo. |
| Source of heading or term | BUEsh |
| 653 ## - INDEX TERM--UNCONTROLLED | |
| Arrived date list | August2015 |
| Resource For college | Generalities |
| -- | BAEPS, Political Science |
| 655 ## - INDEX TERM--GENRE/FORM | |
| Form subdivision | Reading book |
| 700 1# - ADDED ENTRY--PERSONAL NAME | |
| Personal name | Rodenbeck, John, |
| Relator term | editor. |
| 700 1# - ADDED ENTRY--PERSONAL NAME | |
| Personal name | Nowitz, Richard, |
| Relator term | photographer. |
| 700 1# - ADDED ENTRY--PERSONAL NAME | |
| Personal name | Wilson-Smith, Marcus, |
| Relator term | photographer. |
| 700 1# - ADDED ENTRY--PERSONAL NAME | |
| Personal name | Eames, Andrew, |
| Dates associated with a name | 1958- |
| Relator term | editor. |
| 942 ## - ADDED ENTRY ELEMENTS (KOHA) | |
| Koha item type | Book - Borrowing |
| Source of classification or shelving scheme | Dewey Decimal Classification |
| Withdrawn status | Lost status | Source of classification or shelving scheme | Damaged status | Not for loan | Collection code | Home library | Current library | Shelving location | Date acquired | Source of acquisition | Total Checkouts | Total Renewals | Full call number | Barcode | Date last seen | Date checked out | Koha item type | Materials specified (bound volume or other part) |
|---|---|---|---|---|---|---|---|---|---|---|---|---|---|---|---|---|---|---|
| Dewey Decimal Classification | Alahram | Central Library | Central Library | Second Floor | 28/05/2008 | Purchase | 1 | 2 | 916.21604 CAI | 000011848 | 15/07/2025 | 05/10/2011 | Book - Borrowing | |||||
| Dewey Decimal Classification | Alahram | Central Library | Central Library | Second Floor | 28/05/2008 | Purchase | 916.21604 CAI | 000011844 | 15/07/2025 | Book - Borrowing | ||||||||
| Dewey Decimal Classification | Alahram | Central Library | Central Library | Second Floor | 17/02/2010 | Purchase | 916.21604 CAI | 000019698 | 10/02/2026 | NB - Book (Non borrowing) |